| 000 | 00382nam a2200157Ia 4500 | ||
|---|---|---|---|
| 008 | 221030s9999 xx 000 0 und d | ||
| 020 | _a8176111953 | ||
| 041 | _aEnglish | ||
| 082 |
_a105.23 _bSud |
||
| 100 | _aG. S. Sudha | ||
| 245 | 0 | _aManagement Concepts & Organizational Behaviour | |
| 260 |
_bRBSA Pub. _aJaipur _c2003 |
||
| 300 | _a440 | ||
| 650 | _aManagement | ||
| 942 | _cBK | ||
| 999 |
_c2461 _d2461 |
||